| 000 | 00805ntm a22002537a 4500 | ||
|---|---|---|---|
| 999 |
_c1017 _d1017 |
||
| 008 | 191120s2019 ii abd|grm|||a00| 0 eng d | ||
| 040 |
_aKO _beng |
||
| 041 | 0 | _aeng | |
| 044 | _aii | ||
| 082 | 0 | 4 |
_223 _a378.242 _bPRM1723 |
| 100 | 1 |
_aSharma, Nikhil _eResearcher |
|
| 245 | 1 | 0 |
_aSagarmala-the blue revolution / _cNikhil Sharma, Guided by Dr. Jayan P. A. |
| 260 |
_aKochi : _bIndian Maritime University, _c2019 |
||
| 300 |
_a75 p. : _bill., charts, maps ; _c29 cm. |
||
| 490 | 0 |
_aMBA Project 2017-19 ; _v1705305023 |
|
| 502 | _aProject (MBA)–Indian Maritime University. School of Maritime Management, 2019. | ||
| 650 | 0 | _aSagarmala | |
| 655 | 7 |
_aDissertations, Academic _y2019 _2lcsh |
|
| 700 | 1 |
_aP. A., Jayan _eGuide _cDr. |
|
| 904 | _aRUDRA_R | ||
| 905 | _aR_RANJAN | ||
| 942 | _cTH | ||